000 00609nam a2200229Ia 4500
003 OSt
005 20220918192031.0
006 a|||||r|||| 00| 0
007 ta
008 220917b |||||||| |||| 00| 0 eng d
024 _a66,630
037 _cTextual
040 _aARTS
_cARTS
_beng
041 _2eng
_aeng
082 _aR3xK32x, J8 (TTR)
100 _aWild John ed
_921590
245 0 _aSpinoza selections
260 _aNew York
_bCharles Scribner's Sons
_c1958
300 _alxi,479p.
_ccm.
942 _hR3xK32x, J8 (TTR)
_cTEXL
_2CC
999 _c192863
_d192863